Sử dụng word 2002 theo lệnh

保存先:
書誌詳細
第一著者: HOÀNG ĐẶNG
フォーマット: 図書
言語:Undetermined
出版事項: Trẻ 2002
タグ: タグ追加
タグなし, このレコードへの初めてのタグを付けませんか!
Thư viện lưu trữ: Trung tâm Học liệu Trường Đại học Cần Thơ
LEADER 00392nam a2200145Ia 4500
001 CTU_49938
008 210402s9999 xx 000 0 und d
082 |a 005.3 
082 |b H407 
100 |a HOÀNG ĐẶNG 
245 0 |a Sử dụng word 2002 theo lệnh 
245 0 |c HOÀNG ĐẶNG 
260 |b Trẻ 
260 |c 2002 
980 |a Trung tâm Học liệu Trường Đại học Cần Thơ